000
00293nam a22001217a 4500
020
_a
0-408-00097-X
082
_a
621.89 PUG"F
100
_a
PUGH, B
_9
44838
245
_a
FRICTION AND WEAR A TRIBOLOGY TEXT FOR STUDENTS
260
_a
LONDON
_b
BUTTERWORTH
_c
1973
300
_a
206P
942
_c
BK
999
_c
583997
_d
583997